Statistiques concernant Rap 2023

Cliquez ici pour prendre le quiz!

Statistiques générales

  • Ce quiz a été pris 120 fois
  • Le résultat moyen est 6 sur 15

Statistiques - réponses

IndiceRéponse% Correct
NINinho
89%
SincèrementHamza
71%
ADCFreeze Corleone
59%
La melo est gangxGazo Tiakola
54%
CarréWerenoi
53%
2069'PLK
47%
MustafarLuv Resval
39%
24La Fève
33%
ChromeZiak
33%
Saison 00Luidji
29%
StratosKekra
27%
La grande désilusionBenjamin Epps
13%
EuphoriaKrisy
13%
JeudiHugo TSR
12%
BO Y Z vol.2Prince Waly
11%

Distribution des résultats

Percentile par nombre de réponses

% des personnes avec chaque résultat

Votre développement - résultats

Vous n’avez pas pris ce quiz